00790nam a2200169Ia 4500001000700000008004100007082002000048100002900068245023000097260003100327300001100358503001400369650002200383650002400405650002700429700016400456Z_4302220601s9999 xx 000 0 und d aC 636.20897 O73 aOrdoñez Medina, Rafael aAtlas de técnicas quirúrgicas en bovinos / Rafael Ordoñez M.; colaboración Consuelo Velázquez C.; ilustraciones Hector Ortíz M. y Pedro Otero V.; redacción Lorenzo R. Avila F.; mecanografía Gloria L. Romero M. aMéxico : R. Ordoñez M. a147 p. aej.1: s/n a1. Ganado bovino  aBovinos -- Cirugia  aCirugía veterinaria  aVelázquez C., Consuelo, colab. \ Ortíz M., Hector, il. \ Otero V., Pedro, il. \ Avila F. Lorenzo R., redacción \ Romero M., Gloria L., mecanografíaÌ